00823nam a2200217 a 450000100100000000500170001000800410002702000150006804000250008308200150010810000360012324500810015926000810024030000210032149000240034250000700036683000300043604900090046695201130047599900170058800001501120200929163934.0100129s2006 pr 000 0 spa d a1932271813 aDO-SdBNPbspacBNPHU axxxbG216l1 aGarcía Cuevas, Eugenio91081310aLengua en tiempo :bsaberes buenos, malos y feos /cEugenio García Cuevas. aSan Juan, Puerto Rico :bIsla NegrabPublicaciones Puertorriqueñas,c2006. a290 p. ;c22 cm.1 aVisiones y cegueras aIncluye datos biográficos del autor en la solapa de la cubierta 0aVisiones y cegueras91120 aBNPD 001050718MOaPDbPDcCTd2010-01-29iLF1l0oxxx G216lp15011-10r2020-06-25w2020-06-25y1ZNo se presta c14584d14584